Statistiques concernant Culture Générale - Série 1155

Cliquez ici pour prendre le quiz!

Statistiques générales

  • Ce quiz a été pris 55 fois
  • Le résultat moyen est 7 sur 10

Statistiques - réponses

QuestionRéponse% Correct
Dans quel pays ont été fondés les quotidiens "The Guardian" et "The Times" ?Grande-Bretagne
100%
Quel phénomène naturel, ayant pour dieu Éole, peut être une bise, un sirocco ou un alizé ?vent
98%
Quel moyen de paiement peut être "en blanc" ou "en bois" ?chèque
98%
A quel ballon, permettant de s'élever dans les airs, les frères de Montgolfier ont-ils donné leur nom ?montgolfière
96%
Quelle abréviation de 3 lettres signifie : "salut", en langage SMS ?Slt
92%
Dans quelle capitale européenne est situé le siège du Conseil permanent de l'OTAN ?Bruxelles
83%
Quelle était la nationalité de Thomas Edison, l'inventeur du phonographe ?Américaine
74%
Dans quel café spécialisé, les consommateurs disposent-ils d'ordinateurs reliés à Internet ?cybercafé
62%
Quel dessin animé met en scène Denis Michaud, un enfant de dix ans qui en fait voir de toutes les couleurs à M. Martin ?Denis la Malice
21%
En 1725, Marivaux raconte les aventures d'Iphicrate, Arlequin et Cléanthis dans "L'Ile des...esclaves
9%

Distribution des résultats

Percentile par nombre de réponses

% des personnes avec chaque résultat

Votre développement - résultats

Vous n’avez pas pris ce quiz